000 00309nam a22001337a 4500
008 170502b xxu||||| |||| 00| 0 eng d
020 _a9780842024303
041 _aeng
080 _22ND
_a347
100 _a14
101 _aSHJ
245 _aWOMEN AND AMERICAN FOREIGN POLICY
_cCRAPOL, E.P
942 _2udc
_cBK
999 _c12415
_d12415